Análisis financiero del riesgo de créditos, ARC (Registro nro. 4345)
[ vista simple ]
| 000 -CABECERA | |
|---|---|
| Longitud fija campo de control | 00955nam a2200253 b 4500 |
| 001 - NÚMERO DE CONTROL | |
| Número de control | bimo0000961708 |
| 003 - IDENTIFICADOR DELl NÚMERO DE CONTROL | |
| Identificador del número de control | OSt |
| 005 - FECHA Y HORA DE LA ÚLTIMA TRANSACCIÓN | |
| Fecha y hora de la última transacción | 20140514213001.0 |
| 008 - CÓDIGOS DE INFORMACIÓN DE LONGITUD FIJA | |
| Códigos de información de longitud fija | 980729s1996 esp spa |
| 020 ## - NÚMERO INTERNACIONAL NORMALIZADO PARA LIBROS | |
| Número Internacional Normalizado para Libros (ISBN) | 84-922272-0-6 |
| 040 ## - FUENTE DE LA CATALOGACIÓN | |
| Centro catalogador de origen | SpMaBN |
| Lengua de catalogación | spa |
| Centro transcriptor | BMC |
| Normas de descripción | rdc |
| 082 ## - NÚMERO DE LA CLASIFICACIÓN DECIMAL DEWEY | |
| Númeroo de clasificación | 658.155 |
| 082 ## - NÚMERO DE LA CLASIFICACIÓN DECIMAL DEWEY | |
| Númeroo de clasificación | 332.7 |
| 245 00 - MENCIÓN DE TÍTULO | |
| Título | Análisis financiero del riesgo de créditos, ARC |
| Resto del título | : niveles de alerta temprana : aplicación para profesionales financieros |
| Mención de responsabilidad, etc. | equipo de investigación, Domingo García Pérez de Lema, Antonio Arques Pérez, Antonio Calvo Flores Segura |
| 260 0# - PUBLICACIÓN, DISTRIBUCIÓN, ETC. (PIE DE IMPRENTA) | |
| Lugar de publicación, distribución, etc. | Murcia |
| Nombre del editor, distribuidor, etc. | Universidad de Murcia, Facultad de CC.EE. |
| Fecha de publicación, distribución, etc. | 1996 |
| 300 ## - DESCRIPCIÓN FÍSICA | |
| Extensión | 154 p. |
| Otras características físicas | il., gráf. |
| Dimensiones | 24 cm |
| 500 ## - NOTA GENERAL | |
| Nota general | Precede al tít.: N.C.S. software |
| 650 24 - PUNTO DE ACCESO ADICIONAL DE MATERIA - TÉRMINO DE MATERIA | |
| Término de materia o nombre geográfico como elemento inicial | Gestión del riesgo |
| 9 (RLIN) | 8578 |
| 650 24 - PUNTO DE ACCESO ADICIONAL DE MATERIA - TÉRMINO DE MATERIA | |
| 9 (RLIN) | 6138 |
| Término de materia o nombre geográfico como elemento inicial | Crédito |
| 700 1# - PUNTO DE ACCESO ADICIONAL - NOMBRE DE PERSONA | |
| Nombre de persona | García Pérez de Lema, Domingo |
| 9 (RLIN) | 9554 |
| 700 1# - PUNTO DE ACCESO ADICIONAL - NOMBRE DE PERSONA | |
| Nombre de persona | Arques Pérez, Antonio |
| 9 (RLIN) | 9555 |
| 700 1# - PUNTO DE ACCESO ADICIONAL - NOMBRE DE PERSONA | |
| Nombre de persona | Calvo-Flores Segura, Antonio |
| 9 (RLIN) | 9556 |
| 942 ## - ENTRADA DE ELEMENTOS AGREGADOS (KOHA) | |
| Fuente de clasificaión o esquema | Dewey Decimal Classification |
| Koha [por defecto] tipo de item | 1- Monografias |
| Suprimido | Perdido | Fuente de clasificación o esquema | Estropeado | Restricciones de uso | No para préstamo | Código de colección | Localización permanente | Localización actual | Localización en estanter&íacute;as | Fecha adquisición | Fuente de adquisición | Número de inventario | Préstamos totales | Signatura completa | Código de barras | Fecha última consulta | Fecha último préstamo | Coste, precio reemplazado | Fecha del precio de reemplazo | Tipo de item de Koha |
|---|---|---|---|---|---|---|---|---|---|---|---|---|---|---|---|---|---|---|---|---|
| NULL | NULL | Dewey Decimal Classification | NULL | Prestable | NULL | NULL | Biblioteca Miguel de Cervantes - UNICAES | Biblioteca Miguel de Cervantes - UNICAES | Sala Principal | 18/08/2009 | Donación - ADESH | 007469 | 10 | 658.155 ANA | 1007469 | 06/10/2018 | 04/10/2018 | 9.00 | 20/11/2013 | 1- Monografias |